000 00422nam a2200157 i 4500
001 55498
003 ES-MaACL
005 20230906163147.0
007 t|
008 030922s1970 sp ||||1| spa d
100 1 _aDervenn, Claude.
_943804
245 1 0 _aCanarias /
_cClaude Dervenn.
260 _a[Tenerife] :
_bRomerman,
_c[1970]
300 _a189 p., 50 lám., 1 map. ;
_c20 cm.
852 _aES-MaACL
_jC-40106
_bR.75864
999 _c55498
_d55498